Statistics for USA Cities

Click here to take the quiz!

General Stats

  • This quiz has been taken 707 times
    (631 since last reset)
  • The average score is 17 of 26

Answer Stats

HintAnswer% Correct
Biggest City in the U.S.A.New York City
98%
Biggest in CaliforniaLos Angeles
97%
Biggest in IllinoisChicago
92%
Biggest in TexasHouston
91%
Floridian Beach Resort CityMiami
89%
City where the Golden Gate Bridge isSan Francisco
89%
City that Disney World is locatedOrlando
85%
Capital of OklahomaOklahoma City
80%
Site of the Liberty BellPhiladelphia
79%
Has the biggest French HeritageNew Orleans
76%
Closest Californian city to MexicoSan Diego
76%
Site of The Space NeedleSeattle
76%
Biggest in MinnesotaMinneapolis
70%
Largest in TennesseeMemphis
65%
City where the Ambassador Bridge isDetroit
64%
Biggest in FloridaJacksonville
61%
The "Entertainment Captiol of the World"Las Vegas
60%
Biggest in OhioColumbus
59%
Site of the U.S.S. ConstitutionBoston
54%
The "Three Rivers City"Pittsburgh
53%
The "Gateway to the west"St. Louis
48%
The "Racing Capitol of the World"Indianapolis
47%
City Raymond James Stadium is locatedTampa
40%
3rd biggest in PennsylvaniaAllentown
13%
The "Worst Economical City in the U.S.A."Buffalo
12%
Site of "Lucy the Elephant"Atlantic City
6%

Score Distribution

Percentile by Number Answered

Percent of People with Each Score

Your Score History

You have not taken this quiz since the last reset